Chanteurs par pays - Statistiques

Statistiques générales
  • Ce quiz a été pris 695 fois
  • Le résultat moyen est 12 sur 15
Statistiques - réponses
Nom des chanteurs Pays % Correct
Justin Bieber, Leonard Cohen, Céline Dion Canada
98%
Jacques Brel, Stromae, Angèle Belgique
95%
Eros Ramazzotti, Laura Pausini, Toto Cutugno Italie
93%
Mylène Farmer, Johnny Hallyday, Vianney France
91%
Khaled, Zaho, Rachid Taha Algérie
86%
Julio Iglesias, Alvaro Soler, Jeanette Espagne
86%
Lady Gaga, Eminem, Ray Charles États-Unis
86%
Youn Sun Nah, Jin, PSY Corée du Sud
85%
João Gilberto, Michel Teló, Gilberto Gil Brésil
80%
Mick Jagger, David Bowie, Paul McCartney Royaume-Uni
78%
Agnetha Fältskog, Zara Larsson, Avicii Suède
74%
Patrick Juvet, Marie Laforêt, Stephan Eicher Suisse
74%
Kylie Minogue, Angus Young, Sia Australie
71%
Maria Callas, Nana Mouskouri, Demis Roussos Grèce
62%
Mike Brant, Rika Zaraï, Amir Israël
62%
Aucun quiz correspondant
Distribution des résultats
% des personnes avec chaque résultat
Percentile par nombre de réponses
Votre historique - résultats
Vous n’avez pas pris ce quiz